En los pasos de Zeledón : historia de la ornitología nacional y la Asociación Ornitológica de Costa Rica (Registro nro. 7925)
[ vista simple ]
| 000 -Cabecera | |
|---|---|
| Campo de control de longitud fija | 00625nam a22002297a 4500 |
| 005 - Fecha y hora de la última transacción | |
| Campo de control | 20240819134523.0 |
| 008 - Elementos de longitud fija--Información general | |
| Campo de control de longitud fija | 160408b2013 CR ||||| |||| 00| 0 spa d |
| 020 ## - International Standard Book Number | |
| Número Internacional Estándar del Libro (ISBN) | 9781492140122 |
| 041 ## - Idioma | |
| Código de idioma | Español |
| 082 ## - Clasificación Decimal Dewey | |
| Número de clasificación | 598 M466p |
| 100 ## - Entrada principal--Autor personal | |
| Nombre personal | May, Roy H. |
| 9 (RLIN) | 7844 |
| 245 ## - Título propiamente dicho | |
| Título | En los pasos de Zeledón : historia de la ornitología nacional y la Asociación Ornitológica de Costa Rica |
| 260 ## - Pie de imprenta | |
| Lugar de publicación, distribución, etc. | Costa Rica |
| 260 ## - Pie de imprenta | |
| Nombre del editor, distribuidor, etc. | Asociación Ornitológica de Costa Rica |
| 260 ## - Pie de imprenta | |
| Fecha de publicación, distribución, etc. | 2013 |
| 300 ## - Descripción física | |
| Extensión | 136 páginas |
| 650 ## - Materia general | |
| Temática (materia general) | ORNITOLOGÍA |
| 650 ## - Materia general | |
| Temática (materia general) | COSTA RICA |
| 650 ## - Materia general | |
| Temática (materia general) | AVES |
| 942 ## - Punto de acceso adicional KOHA | |
| Tipo de ítem KOHA | Libro |
| Fuente del sistema de clasificación o colocación | Dewey Decimal Classification |
| Signatura completa | Código de barras | Programa Académico | Tipo de ítem |
|---|---|---|---|
| 598 M466p | 20921 | Turismo | Libro |
| 598 M466p | 20922 | Turismo | Libro |